00341nam a2200121Ia 4500008004100000041000800041082001500049100002100064245004400085260004800129300003100177365001100208240624s9999 xx 000 0 und d aeng a351.73 WIL aEGGERS WILLIAM D aIF WE CAN PUT A MAN ON THE MOON GETTING c2009aBostonbHarvard Business School Press axii, : 296 : p. : cm. ; 24 cRSb30